NASCAR Top Ten Pole Winners - Statistics

General Stats
  • This quiz has been taken 317 times
  • The average score is 6 of 10
Answer Stats
# of Poles Driver % Correct
123 Richard Petty
94%
81 Jeff Gordon
93%
113 David Pearson
80%
59 Darrell Waltrip
67%
58 Bobby Allison
66%
69 Cale Yarborough
65%
51 Ryan Newman
64%
56 Mark Martin
53%
55 Bill Elliott
41%
49 Bobby Isaac
10%
No matching quizzes found
Score Distribution
Percent of People with Each Score
Percentile by Number Answered
Your Score History
You have not taken this quiz